LEADER 00959nam a2200253 i 4500 001 991003450659707536 005 20021217151158.0 008 970611s1970 it a b 001 0 ita d 035 $ab1181116x-39ule_inst 035 $aLE00300786$9ExL 040 $aDip.to Biologia$beng 082 0 $a591.5$222 100 1 $aMainardi, Danilo$076436 245 13$aIl comportamento animale :$bintroduzione all'etologia /$cDanilo Mainardi, Marisa Mainardi 260 0 $aBologna :$bZanichelli,$c1970 300 $a120 p. :$bill. ;$c23 cm 650 4$aEthology 700 1 $aMainardi, Marisa$eauthor$4http://id.loc.gov/vocabulary/relators/aut$077261 907 $a.b1181116x$b21-09-06$c18-12-02 912 $a991003450659707536 945 $aLE003 591.5 MAI01.01 (1970)$g1$i2003000029253$lle003$o-$pE0.00$q-$rl$s- $t0$u1$v0$w1$x0$y.i1206029x$z18-12-02 996 $aComportamento animale$9767677 997 $aUNISALENTO 998 $ale003$b01-01-97$cm$da $e-$fita$git $h3$i1 LEADER 01466nam a2200325 i 4500 001 991000918609707536 005 20020507175842.0 008 950112s1983 hu ||| | eng 020 $a044486508X 035 $ab10775730-39ule_inst 035 $aLE01304312$9ExL 040 $aDip.to Matematica$beng 084 $aAMS 00A99 084 $aAMS 00B 100 1 $aSzabados, J.$0344684 245 10$aFunctions, series, operators /$cedited by B. Sz.-Nagy and J. Szabados 260 $aAmsterdam :$bNorth-Holland ; Budapest : Janos Bolyai Math. Soc.,$cc1983 300 $a2 v. ;$c24 cm 500 $aInternational conference on "Functions, ..." in Budapest, August 22-28, 1980 to celebrate the 100th anniversary of two great Hungarian mathematicians, Leopold Fejer and Frederic Riesz - Pref. 500 $aPubbl. come vol. 35 della rivista "Colloquia Mathematica Societatis Janos Bolyai" 650 0$aCollections of papers 650 0$aProceedings of conferences 700 1 $aSz?kefalvi-Nagy, Béla 907 $a.b10775730$b11-05-16$c28-06-02 912 $a991000918609707536 945 $aLE013 00B SZO11 V.I (1983)$g1$i2013000022918$lle013$o-$pE0.00$q-$rl$s- $t0$u0$v0$w0$x0$y.i10874616$z28-06-02 945 $aLE013 00B SZO11 V.II (1983)$g1$i2013000022925$lle013$o-$pE0.00$q-$rl$s- $t0$u0$v0$w0$x0$y.i10874628$z28-06-02 996 $aFunctions, series, operators$9922842 997 $aUNISALENTO 998 $ale013$b01-01-95$cm$da $e-$feng$ghu $h0$i2 LEADER 01185nam0 22003253i 450 001 UBO0262721 005 20251003044418.0 010 $a0824770226 100 $a20090416d1983 ||||0itac50 ba 101 | $aeng 102 $aus 181 1$6z01$ai $bxxxe 182 1$6z01$an 200 1 $aProbabilistic engineering design$eprinciples and applications$fJames N. Siddall 210 $aNew York$aBasel$cDekker$dc1983 215 $aX, 528 p.$cill.$d24 cm. 225 | $aMechanical engineering$v23 410 0$1001MIL0058947$12001 $aMechanical engineering$v23 606 $aProgettazione$2FIR$3CFIC074746$9E 676 $a620$9INGEGNERIA E ATTIVITA' AFFINI$v14 676 $a620.0042$9Progettazione d'ingegneria$v22 700 1$aSiddall$b, James N.$3TSAV000604$4070$027898 801 3$aIT$bIT-000000$c20090416 850 $aIT-BN0095 901 $bNAP 01$cSALA DING $n$ 912 $aUBO0262721 950 0$aBiblioteca Centralizzata di Ateneo$c1 v.$d 01SALA DING 620 SID.pr$e 0102 0000001405 VMA A4 1 v.$fY $h19930407$i19930407 977 $a 01 996 $aProbabilistic engineering design$9331610 997 $aUNISANNIO